Statystyki dla 25 najludniejszych miast w Kanadzie

Kliknij tutaj aby rozwiązać quiz!

Ogólne statystyki

  • Ten quiz został rozwiązany 25 razy
  • Średni wynik to 7 z 25

Statystyki odpowiedzi

Nr.Liczba ludnościMiasto% Poprawnych
4.1,017,449Ottawa
100%
1.2,794,356Toronto
100%
2.1,762,949Montreal
86%
8.662,248Vancouver
86%
12.549,459Quebec
71%
3.1,306,784Calgary
57%
5.1,010,899Edmonton
57%
6.749,607Winnipeg
48%
13.439,819Halifax
33%
15.422,324London
33%
19.266,141Saskatoon
24%
10.569,353Hamilton
19%
7.717,961Mississauga
19%
24.226,404Regina
10%
23.229,660Windsor
5%
9.656,480Brampton
0%
22.249,125Burnaby
0%
18.291,041Gatineau
0%
20.256,885Kitchener
0%
14.438,366Laval
0%
21.254,483Longueuil
0%
16.338,503Markham
0%
25.213,759Oakville
0%
11.568,322Surrey
0%
17.323,103Vaughan
0%

Rozkład punktacji

Percentyl według liczby udzielonych odpowiedzi

Procent ludzi z każdym wynikiem

Twoja historia wyników

Nie rozwiązałeś tego quizu